| 000 | 01827nam0a2200349 4500 | ||
|---|---|---|---|
| 001 | RU\NLR\bibl\1010293 | ||
| 005 | 20260405182636.0 | ||
| 010 |
_a5-7677-0442-4 _9150 |
||
| 021 |
_aRU _b2006-63199 _93149 |
||
| 035 | _a(NLR Aleph) 000997930 | ||
| 090 |
_a560227 _c560227 |
||
| 100 | _a20061117d2006 |||y0rusy50 ca | ||
| 101 | 0 | _arus | |
| 102 | _aRU | ||
| 105 | _aa ||||||||| | ||
| 200 | 1 |
_aАдаптация студентов к условиям будущей работы _fГ. А. Иванов, С. Д. Слонимский _gМ-во образования и науки Рос. Федерации, Федер. агентство по образованию, Федер. гос. образоват. учреждение высш. проф. образования "Чуваш. гос. ун-т им. И.Н. Ульянова" |
|
| 210 |
_aЧебоксары _cИздательство Чувашского университета _d2006 |
||
| 215 |
_a231 с. _cил. _d20 |
||
| 320 | _aБиблиогр.: с. 228-231 (53 назв.) | ||
| 606 | 1 |
_aМолодые специалисты _xПрофессиональная адаптация на предприятии _9917147 _3RU\NLR\auth\6616469 |
|
| 606 | 1 |
_aПромышленность _yРоссийская Федерация _92095506 _3RU\NLR\auth\661267907 |
|
| 686 | _aУ30(2) | ||
| 686 | _aС550.44 | ||
| 700 | 1 |
_4070 _8rus _7ca _aИванов _bГ. А. _cканд. физ.-мат. наук, электротехника, менеджмент _f1935- _gГеннадий Алексеевич _3RU\NLR\auth\7779334 _962262 |
|
| 701 | 1 |
_aСлонимский _bС. Д. _gСергей Деодорович _4070 |
|
| 801 | 0 |
_aRU _bNLR _c20061117 _grcr |
|
| 801 | 1 |
_aRU _bNLR _c20061117 |
|
| 942 | _cBOOK | ||
| 980 | _aNB | ||
| 980 | _aNBR | ||